Animals in Latin A-Z - Statistics

General Stats
  • This quiz has been taken 8 times
  • The average score is 6 of 26
Answer Stats
English Latin % Correct
J Jaguar Panthera onca
100%
C Chimpanzee Pan troglodytes
60%
M Mallard Anas platyrhynchos
40%
E Emu Dromaius novaehollandiae
40%
L Loon Gavia immer
40%
G Green Iguana Iguana iguana
40%
I Indri Indri indri
40%
A African Wild Dog Lycaon pictus
40%
O Orca Orcinus orca
40%
P Peacock Pavo cristatus
40%
R Radiated Tortoise Astrochelys radiata
20%
D Dingo Canis lupus dingo
20%
N Northern Cardinal Cardinalis cardinalis
20%
T Timber Rattlesnake Crotalus horridus
20%
F Ferret Mustela putorius furo
20%
K Koala Phascolarctos cinereus
20%
B Black Bear Ursus americanus
20%
S Swordfish Xiphias gladius
20%
X Xantus Hummingbird Basilinna xantusii
0%
H Horseshoe Crab Limulus polyphemus
0%
W Wood Frog Lithobates sylvaticus
0%
U Ulysses Butterfly Papilio ulysses
0%
Q Queen Snake Regina septemvittata
0%
Z Zebra Finch Taeniopygia guttata castanotis
0%
V Vampire Squid Vampyroteuthis infernalis
0%
Y Yellowjacket Vespula vulgaris
0%
No matching quizzes found
Score Distribution
Percent of People with Each Score
Percentile by Number Answered
Your Score History
You have not taken this quiz